|
|
|
|
| LEADER |
01499nam a2200397 a 4500 |
| 001 |
EBC714466 |
| 003 |
MiAaPQ |
| 005 |
20200520144314.0 |
| 006 |
m o d | |
| 007 |
cr cn||||||||| |
| 008 |
101019s2011 dcuabd sb i000 0 eng d |
| 010 |
|
|
|z 2010044598
|
| 020 |
|
|
|z 9780821385098 (alk. paper)
|
| 020 |
|
|
|a 9780821385104 (electronic bk.)
|
| 035 |
|
|
|a (MiAaPQ)EBC714466
|
| 035 |
|
|
|a (Au-PeEL)EBL714466
|
| 035 |
|
|
|a (CaPaEBR)ebr10476323
|
| 035 |
|
|
|a (CaONFJC)MIL312620
|
| 035 |
|
|
|a (OCoLC)750228258
|
| 040 |
|
|
|a MiAaPQ
|c MiAaPQ
|d MiAaPQ
|
| 043 |
|
|
|a ee-----
|a ac-----
|
| 050 |
|
4 |
|a HF5415.157
|b .H368 2011
|
| 082 |
0 |
4 |
|a 658.4/013
|2 22
|
| 245 |
0 |
0 |
|a Harnessing quality for competitiveness in Eastern Europe and Central Asia
|h [electronic resource] /
|c Jean-Louis Racine, editor.
|
| 260 |
|
|
|a Washington, D.C. :
|b World Bank,
|c c2011.
|
| 300 |
|
|
|a xxiv, 330 p. :
|b ill. (some col.), col. maps.
|
| 504 |
|
|
|a Includes bibliographical references.
|
| 533 |
|
|
|a Electronic reproduction. Ann Arbor, MI : ProQuest, 2015. Available via World Wide Web. Access may be limited to ProQuest affiliated libraries.
|
| 650 |
|
0 |
|a Quality of products
|z Europe, Eastern.
|
| 650 |
|
0 |
|a Quality of products
|z Asia, Central.
|
| 650 |
|
0 |
|a Competition, International.
|
| 655 |
|
4 |
|a Electronic books.
|
| 700 |
1 |
|
|a Racine, Jean-Louis.
|
| 710 |
2 |
|
|a World Bank.
|
| 710 |
2 |
|
|a ProQuest (Firm)
|
| 856 |
4 |
0 |
|u https://ebookcentral.proquest.com/lib/matrademy/detail.action?docID=714466
|z Click to View
|